000 00538nam a2200181Ia 4500
003 GCL
008 140319s9999 xx 000 0 ara d
040 _aGCL /
_cGCL
082 0 4 _a956.9
_bم ف
100 1 _aمحمد على حله
245 1 0 _aفلسطين فى جامعة الدولة العربية 1945 - 1956 /
_cمحمد على حله
300 _a259
490 _a100 قصة
_v0
650 0 4 _aفلسطين
650 0 4 _aالعلاقات الخارجية
650 0 4 _aجامعة الدول العربية
942 _2ddc
_cBK
999 _c43415
_d43415